Globálna nerovnosť:spravodlivosť a právo v podmienkach globalizácie

Problematika distributívnej spravodlivosti. Podstata globalizačného procesu. Právo v podmienkach globalizácie.

Na minha lista:
Detalhes bibliográficos
Autor principal: Hohoš, Ladislav
Formato: Capítulo de Livro
Idioma:eslovaco
Assuntos:
Tags: Adicionar Tag
Sem tags, seja o primeiro a adicionar uma tag!

MARC

LEADER 00000naa$a2200000$$$4500
001 0074155
005 20231121094042.4
041 0 |a slo 
044 |a SK 
245 1 0 |a Globálna nerovnosť:spravodlivosť a právo v podmienkach globalizácie  |c Ladislav Hohoš 
520 |a Problematika distributívnej spravodlivosti. Podstata globalizačného procesu. Právo v podmienkach globalizácie. 
610 2 0 |a globalizácia 
610 2 0 |a spravodlivosť 
610 2 0 |a právo 
610 2 0 |a spoločnosť 
610 2 0 |a nerovnosť 
610 2 0 |a nerovnosť sociálna 
100 1 |a Hohoš, Ladislav